| 000 | 00506nam a2200193 4500 | ||
|---|---|---|---|
| 001 | 558 | ||
| 005 | 20230410115545.0 | ||
| 008 | 060907n1994 dr spa | ||
| 035 | _9funglode562 | ||
| 041 | _aEN | ||
| 050 | 1 | 4 | _aHF 1001 F911d 1994 |
| 100 | _aFriedman, Jack P | ||
| 245 | 1 |
_aDictionary of bussiness terms / _cby Jack P. Friedman |
|
| 250 | _a2 | ||
| 260 |
_aNew York : _bBarron's, _c1994 |
||
| 300 | _aiv, 692 p. / 18 cm. | ||
| 440 | _aBarron's business guides | ||
| 942 |
_2lcc _cbk |
||
| 999 |
_c43534 _d43534 |
||